000 01086nam0a22002531 4500
001 rc\47269
005 20210309130135.0
035 _a(NLR Aleph) 005327269
090 _a6552864
_c6552864
100 _a20021216d1994 u |0rusy50 ca
101 0 _arus
102 _aRU
105 _ay |||||||||
200 1 _aДинамика разнообразия органического мира во времени и пространстве
_eТез. докл. XL сес. Палеонтол. о-ва (24-26 янв. 1994 г.)
_fРос. АН. Всерос. н.-и. геол. ин-т им. А.П. Карпинского
_g[Науч. редактор Н.В. Кручинина]
210 _aСПб.
_cПалеонтол. о-во
_d1994
215 _a73 с.
_d20
702 1 _aКручинина
_bН. В.
_4340
711 0 2 _aПалеонтологическое общество
_cСанкт-Петербург
_bСессия
_d40
_f1994
_3RU\NLR\AUTH\8810071298
801 0 _aRU
_bNLR
_gpsbo
801 1 _aRU
_bELAR
_2rusmarc
852 _aNLR
_j93-4/8481
942 _cBOOK
980 _aNB